| 000 | 00755nam a2200253 a 4500 | ||
|---|---|---|---|
| 999 |
_c20906 _d20906 |
||
| 001 | 3766188 | ||
| 003 | OSt | ||
| 005 | 20200611144440.0 | ||
| 008 | 830803s1982 ii fab b 001 0 eng | ||
| 010 | _a 82900010 | ||
| 020 | _cRs300.00 | ||
| 040 | _coclc | ||
| 043 | _aa-ii--- | ||
| 082 | 0 | 0 |
_a709.5483 _bBER/T |
| 100 |
_aBernier, Ronald M _92795 |
||
| 245 | 1 | 0 |
_aTemple arts of Kerala : _ba South Indian tradition / _cRonald M. Bernier |
| 260 |
_aNew Delhi : _bS. Chand, _c1982. |
||
| 300 | _a131 p | ||
| 500 | _aIncludes index. | ||
| 504 | _aBibliography: p. 125-127. | ||
| 650 | 0 |
_aTemples _zIndia _zKerala. |
|
| 906 |
_a7 _bcbc _corignew _d3 _encip _f19 _gy-gencatlg |
||
| 942 |
_2ddc _cBK _h709.5483 _iBER/T _k709.5483 _mBER/T |
||